The cat, (Record no. 7081)
[ view plain ]
| 000 -LEADER | |
|---|---|
| fixed length control field | 00760cam a22002172 4500 |
| 001 - CONTROL NUMBER | |
| control field | agr03000916 |
| 003 - CONTROL NUMBER IDENTIFIER | |
| control field | DLC |
| 005 - DATE AND TIME OF LATEST TRANSACTION | |
| control field | 20260227110921.0 |
| 007 - PHYSICAL DESCRIPTION FIXED FIELD--GENERAL INFORMATION | |
| fixed length control field | cr_||||||||||| |
| 008 - FIXED-LENGTH DATA ELEMENTS--GENERAL INFORMATION | |
| fixed length control field | 830421s1895 nyua 000 0 eng |
| 010 ## - LIBRARY OF CONGRESS CONTROL NUMBER | |
| LC control number | agr03000916 |
| 040 ## - CATALOGING SOURCE | |
| Original cataloging agency | DLC |
| Transcribing agency | CarP |
| Modifying agency | DLC |
| 050 00 - LIBRARY OF CONGRESS CALL NUMBER | |
| Classification number | SF447 |
| Item number | .H9 |
| 100 1# - MAIN ENTRY--PERSONAL NAME | |
| Personal name | Huidekoper, Rush Shippen, |
| Dates associated with a name | 1854-1901. |
| 245 14 - TITLE STATEMENT | |
| Title | The cat, |
| Remainder of title | a guide to the classification and varieties of cats and a short treaties upon their care, diseases, and treatment, |
| 260 ## - PUBLICATION, DISTRIBUTION, ETC. | |
| Place of publication, distribution, etc. | New York, |
| Name of publisher, distributor, etc. | D. Appleton and company, |
| Date of publication, distribution, etc. | 1895. |
| 300 ## - PHYSICAL DESCRIPTION | |
| Extent | xi, 148 p. |
| Other physical details | front., illus |
| Dimensions | 18 cm. |
| 530 ## - ADDITIONAL PHYSICAL FORM AVAILABLE NOTE | |
| Additional physical form available note | Also available in digital form on the Internet Archive Web site. |
| 650 #0 - SUBJECT ADDED ENTRY--TOPICAL TERM | |
| Topical term or geographic name entry element | Cats. |
| 856 41 - ELECTRONIC LOCATION AND ACCESS | |
| Uniform Resource Identifier | <a href="http://hdl.loc.gov/loc.gdc/scd0001.00028483648">http://hdl.loc.gov/loc.gdc/scd0001.00028483648</a> |
No items available.